[Event "EU-ch 16th"]
[Site "Jerusalem"]
[Date "2015.02.27"]
[Round "4"]
[White "Lupulescu, Constantin"]
[Black "Korobov, Anton"]
[Result "0-1"]
[WhiteElo "2626"]
[BlackElo "2687"]
[Annotator "Marin,M"]
[PlyCount "122"]
[EventDate "2015.02.24"]
[EventType "swiss"]
[EventRounds "11"]
[EventCountry "ISR"]
[SourceTitle "CBM 166"]
[Source "ChessBase"]
[SourceDate "2015.05.11"]
[SourceVersion "1"]
[SourceVersionDate "2015.05.11"]
[SourceQuality "1"]

1. d4 d5 2. c4 c6 3. Nf3 Nf6 4. e3 Bf5 5. Nc3 e6 6. Nh4 {After going through
Avrukh's 1.d4 repertoire books I felt tempted to try these fashionable lines
with White, too, but soon reached the conclusion that this whole hunting the
black bishop was a bit speculative, leaving me confused about when it would be
good to take it and when to leave it on g6. Even though objectively White was
doing OK after this game's opening, it seems that Lupulescu could not solve
the aforementioned problem properly, either.} Be4 7. f3 Bg6 8. Qb3 Qc7 9. Bd2
Be7 10. g3 {This is precisely the kind of confusing move. White defends the
h2-pawn in advance, strengthening the threat Nxg6, but allows Black to
relaunch the fight for exchanging/keeping the bishop.} ({I would be more
inclined to play} 10. Nxg6 {even though things are not entirely clear here,
either:} hxg6 11. O-O-O dxc4 ({I was surprised to find out that this line has
quite a long history behind it:} 11... Nbd7 12. Be2 dxc4 13. Bxc4 Nb6 {Fine,
R-Schmidt,P Stockholm 1937!! (1/2-1/2, 61)}) 12. Bxc4 b5 13. Bd3 a6 {Wang,H 
(2747)-Giri,A (2737) Elancourt 2013 CBM 157 [ChessBase Website] (1/2-1/2, 43)})
10... Bh5 (10... Nbd7 {Houriez,C (2252)-Balogh,C (2601) Aix-les-Bains 2011 CBM
142B [Reeh,O] (0-1, 45)}) 11. Be2 {Preparing to castle short.} ({The
alternative is} 11. O-O-O Nfd7 12. Be2 (12. g4 Bxg4 13. fxg4 Bxh4 14. e4 dxc4
15. Bxc4 Nb6 16. Be2 $44 {[%csl Gd2,Gd4,Ge2,Ge4]}) 12... Nb6 (12... Bxh4 13.
gxh4 Nb6 {Ismagambetov,A (2471)-Dreev,A (2677) Astana 2012 (0-1, 47)} 14. Rhg1
$5 $14 {[%cal Gg1g7]}) 13. cxd5 (13. c5 Nc4 14. Ng2 Nxd2 15. Rxd2 f6 $132 {
Laylo,D (2491)-Nguyen,N (2631) Tagaytay City 2013 (1/2-1/2, 52). After
exchanging the dark-squared bishop, Black has little to fear.}) 13... cxd5 14.
Ng2 Nc6 15. Nf4 Bg6 16. Nxg6 hxg6 {Jaracz,P (2527)-Dubov,D (2622) Legnica 2013
(1/2-1/2, 40)}) 11... a6 $146 {Black prepares his counterplay with ...dxc4, ...
b5 and ...c5, taking the b5-square under control for the case of cxd5, ...cxd5.
} (11... g5 12. Ng2 h6 {Socko,B (2631)-Dreev,A (2654) Warsaw 2012 (1/2-1/2, 61)
}) (11... dxc4 {Bator,R (2430)-Hillarp Persson,T (2549) Stockholm 2000 CBM 079
[Huebner,R] (1/2-1/2, 40)}) 12. O-O {Too slow to cause Black problems.} ({True,
} 12. g4 $2 {does not work on account of} Nxg4) ({but} 12. cxd5 cxd5 13. g4 {
would have been more active:} Bg6 ({After the d5-pawn has been weakened,} 13...
Nxg4 $2 {would run into} 14. Nf5 $1 $16) 14. g5 Nfd7 15. f4 Nb6 16. f5 Bxf5 17.
Nxf5 exf5 18. Nxd5 Nxd5 19. Qxd5 g6 20. Rc1 Nc6 21. h4 $14 {[%csl Gd2,Ge2]})
12... dxc4 13. Bxc4 b5 14. Be2 c5 $132 15. dxc5 {This gives up any dynamic
dreams.} (15. g4 $5 g5 16. gxh5 gxh4 17. a4 b4 18. Ne4 {leads to more
interesting play.}) 15... Nbd7 16. Rac1 Nxc5 17. Qc2 {The position has become
somehwat static and the weaknesses left behind by the white kingside pawns
compensate for the black king's delay in the centre.} Qb7 18. b4 Ncd7 19. Qb3
g5 20. Ng2 Ne5 $36 {[%csl Rf3]} 21. e4 g4 22. Nf4 Qb6+ $6 {A committal move,
which Black would have done better to keep in reserve.} (22... Bg6 {might have
transposed to the later phase of the game.}) 23. Kh1 Bg6 24. Nxg6 $2 ({White
misses his chance to muddy the waters with} 24. Ncd5 {, a resource which would
not have been available with the queen on b7:} exd5 25. Nxd5 Nxd5 (25... Qd8
26. Qb2 Nxd5 27. Qxe5 Nf6 28. Bg5 $44) 26. Qxd5 Qb8 27. f4 O-O 28. Qxe5 Qxe5
29. fxe5 Bxe4+ 30. Kg1 h5 $11) 24... hxg6 25. f4 Nc6 {Not a bad move,
re-directing the knight to d4, but Black had a stronger alternative:} (25...
Nf3 $1 26. Bxf3 gxf3 27. Rxf3 Ng4 28. h4 Bxh4 29. gxh4 Rxh4+ 30. Kg2 Rh2+ 31.
Kg3 {Quite possibly, Black missed the surprising yet decisive queen retreat}
Qd8 $1) 26. Qb1 Rd8 27. Be1 Qb7 28. Kg1 Nd4 29. Bd1 g5 30. e5 {Once again
White refrains from dynamic play.} (30. fxg5 Qb6 {This is a case when the
intermediate queen move is necessary.} (30... Nd7 $6 31. Nd5 $1 exd5 32. Qb2
$36) 31. Bf2 (31. h4 $5) 31... Nd7 32. Nd5 Ne5 $3 33. Rc3 (33. Nxb6 $4 Ndf3+
34. Bxf3 Nxf3+ 35. Kg2 Rxh2#) 33... exd5 34. exd5 Rxd5 35. Qe4 $44) 30... Nd7
31. Qe4 Qxe4 32. Nxe4 gxf4 33. gxf4 Nb6 {[%csl Gc4,Gf5]} 34. Bf2 (34. Kh1 $5
$13 {[%cal Gd1g4]}) 34... Nc4 $15 35. Kg2 Nf5 36. Rc3 Rh3 $17 {Black has a
very promising position, but the situation remains tense and it is no wonder
that we will see mutual mistakes on the way. The main thing is that even in
the absence of queens, the black king is not entirely safe.} 37. Ng3 (37. Rxh3
gxh3+ 38. Kf3 (38. Kxh3 Nfe3) 38... Nh4+ 39. Bxh4 Rd3+ $40) 37... Nh4+ 38. Kg1
Rxd1 $2 {A thematic exchange sacrifice, aiming at increasing the control over
the light squares... but a mistake.} ({Black probably discarded} 38... Bxb4 {
because of} 39. Rxc4 {but now the exchange sacrifice would have consolidate
Black's advantage.} Rxd1 $1 (39... bxc4 40. Bxg4) 40. Rc8+ (40. Rxd1 Nf3+ 41.
Kf1 bxc4 $19) 40... Kd7 41. Rxd1+ Kxc8 $19) 39. Rxd1 Bxb4 $2 {As we see, Black
has carried out the small combination in the reversed (and mistaken) move
order.} (39... Nf3+ 40. Rxf3 gxf3 41. Ne4 $13) 40. Rcd3 $2 ({Missing his
chance:} 40. Ne4 $3 Bxc3 41. Nf6+ Kf8 42. Rd8+ Kg7 43. Rg8+ Kh6 44. Nxg4+ Kh7
45. Nf6+ Kh6 46. Bxh4 Rxh4 47. Rh8+ Kg6 48. Rxh4 $18) (40. Nh5 $3 {is just as
good, with similar ideas.}) 40... Nf3+ 41. Kf1 $2 (41. Rxf3 gxf3 42. Rd3 {
would have offered chances to defend.}) 41... Be7 42. Rd7 Rxh2 $2 (42... Nb2 $1
{[%csl Rd1,Gd2,Gd3,Gd4,Gd5,Gd6,Rd7]} 43. Bc5 Bh4) 43. Ne4 Kf8 {/\ Bh4} 44. Nf6
$2 (44. R1d3 $13 {[%csl Ge3]}) 44... Bxf6 45. exf6 Kg8 46. Rd8+ Kh7 47. R1d7
Kg6 48. Rg8+ Kf5 $19 {White's attack has come to an end while Black's is
devastating.} 49. Ke2 (49. Rxf7 Ncd2+ 50. Ke2 Ne4 $19) 49... Ncd2 50. Ke3 Nf1+
51. Ke2 g3 52. Rxg3 Nxg3+ 53. Kxf3 Ne4 54. Bd4 Rh3+ 55. Ke2 Kg6 56. f5+ exf5
57. Rd8 f4 58. Rg8+ Kf5 59. Rf8 f3+ 60. Ke3 f2+ 61. Ke2 Rf3 0-1

[Event "Tashkent FIDE GP 2nd"]
[Site "Tashkent"]
[Date "2012.12.04"]
[Round "11"]
[White "Wang, Hao"]
[Black "Mamedyarov, Shakhriyar"]
[Result "1-0"]
[WhiteElo "2737"]
[BlackElo "2764"]
[Annotator "Marin,M"]
[PlyCount "93"]
[EventDate "2012.11.22"]
[EventType "tourn"]
[EventRounds "11"]
[EventCountry "UZB"]
[EventCategory "20"]
[SourceTitle "CBM 152"]
[Source "ChessBase"]
[SourceDate "2013.01.15"]
[SourceVersion "1"]
[SourceVersionDate "2013.01.15"]
[SourceQuality "1"]

1. d4 d5 2. c4 c6 3. Nf3 Nf6 4. e3 Bf5 5. Nc3 e6 6. Nh4 Be4 7. f3 Bg6 8. Qb3
Qc7 9. Bd2 Be7 10. Nxg6 hxg6 11. O-O-O Nbd7 12. cxd5 cxd5 ({If given a choice,
Black usually captures with the other pawn:} 12... exd5) 13. Kb1 Qb6 14. Qa4 a6
15. g4 Qc6 $6 {Creating unnecessary weaknesses.} (15... Rc8 {/\...Qc6 looks
more natural.}) 16. Qxc6 bxc6 17. Na4 e5 $2 {But this is simply bad.} ({
He should have got rid of his backward pawn at once:} 17... c5) 18. Be2 g5 19.
Rc1 $16 Rh6 20. Rxc6 Ne4 21. Rxh6 Nxd2+ 22. Kc2 gxh6 23. Kxd2 exd4 24. exd4 Bd6
25. h4 Ke7 26. hxg5 Bf4+ 27. Kc2 Bxg5 28. b4 a5 29. Bb5 Nf8 30. Nb6 Rb8 31.
bxa5 Ne6 32. Kd3 Kd6 33. a4 Nf4+ 34. Kc3 Ne6 35. Kd3 Nf4+ 36. Kc3 Ne6 37. Re1
Bf6 38. Rxe6+ fxe6 39. a6 Rh8 40. a7 Kc7 41. a8=Q Rxa8 42. Nxa8+ Kb7 43. Bd7 e5
44. dxe5 Bxe5+ 45. Kd3 d4 46. a5 Kxa8 47. a6 1-0

[Event "Metz op 31th"]
[Site "Metz"]
[Date "2013.04.21"]
[Round "3"]
[White "Donchenko, Alexander"]
[Black "Svetushkin, Dmitry"]
[Result "0-1"]
[WhiteElo "2428"]
[BlackElo "2588"]
[Annotator "Metz Alekhine/Primel,D"]
[PlyCount "70"]
[EventDate "2013.04.20"]
[EventType "swiss"]
[EventRounds "9"]
[EventCountry "FRA"]
[SourceTitle "EXT 2016"]
[Source "ChessBase"]
[SourceDate "2015.10.08"]
[SourceVersion "1"]
[SourceVersionDate "2015.10.08"]
[SourceQuality "1"]
[TimeControl "40/5400:1800+30"]
[WhiteClock "1:30:00"]
[BlackClock "1:30:00"]

1. d4 d5 2. c4 c6 3. Nf3 Nf6 4. e3 Bf5 (4... e6) (4... Bg4) 5. Nc3 (5. Qb3 Qb6)
5... e6 6. Nh4 Bg6 7. Be2 (7. Nxg6) 7... Nbd7 8. O-O (8. Bd2 Bd6 9. Nxg6 hxg6
10. Qc2 (10. h3)) 8... Bd6 {[%cal Gd6h2,Gf6g4,Gd8h4]} 9. g3 a6 (9... Qe7 10.
Qb3 Rb8 11. Bd2 O-O 12. Nxg6 hxg6 13. Qc2 a6 14. c5 Bc7 15. b4 e5 16. a4 Qe6
17. Kg2 e4 18. f4 exf3+ 19. Bxf3 Rbe8 20. Rab1 Re7 21. b5 axb5 22. axb5 Ba5 23.
Nxd5 Nxd5 24. e4 N7f6 25. exd5 Nxd5 26. Rbe1 Qxe1 27. Rxe1 Rxe1 28. Bg5 Nc7 29.
bxc6 Ne6 30. cxb7 Nxg5 31. d5 Bc7 32. d6 Bb8 33. Qd2 Rg1+ 34. Kf2 Nxf3 35. Kxf3
Rf1+ 36. Kg2 Rf6 37. Qd5 Rf5 38. Qc6 Ba7 39. d7 {Bologan,V (2655)-Motylev,A 
(2687) Poikovsky 2014 1-0}) (9... O-O 10. Nxg6) 10. Nxg6 hxg6 11. Qc2 dxc4 12.
Bxc4 Qe7 $146 (12... Qa5 13. Be2 Qf5 14. Qxf5 gxf5 15. Kg2 Ke7 16. h4 Rac8 17.
Bf3 Rhd8 18. Bd2 e5 19. dxe5 Nxe5 20. Rad1 b5 21. Ne2 Nxf3 22. Kxf3 Be5 23. Bc3
Bxc3 24. Nxc3 c5 25. e4 b4 26. e5 Ng4 27. Nd5+ Ke6 28. Nf4+ Ke7 29. Nd5+ Rxd5
30. Rxd5 Nh2+ 31. Kg2 Nxf1 32. Kxf1 Ke6 33. Rd6+ Kxe5 34. Rxa6 Rc7 35. Ke2 f4
36. a3 fxg3 37. fxg3 Kd4 38. Kd2 Kc4 39. Kc2 Re7 40. axb4 cxb4 41. b3+ Kd5 42.
Ra5+ {Ahvenjarvi,J (2210)-Houska,J (2398) Oslo 2012 1/2-1/2 (87)}) 13. Ne4 Nxe4
14. Qxe4 g5 $1 $11 {[%csl Gf4,Rh2,Gh4][%cal Ge7f6,Gf6h6]} 15. Bd2 Nf6 (15...
Qf6) (15... g4) 16. Qg2 $6 {[%csl Rg2] L'aile-roi a été affaiblie et la Q
revient en défense mais la Qg2 est trop passive} g4 17. f4 {Un nouvel
affaiblissement mais les Blancs de s'activer} gxf3 18. Qxf3 e5 $15 19. e4 $1 {
[%csl Rf6][%cal Gd2g5] Un bon sacrifice pour tenter d'exploiter la paire de B}
exd4 20. e5 $1 {[%csl Re8] La suite logique mais les Blancs doivent maintenant
justifier l'investissement de 2 P et si les Noirs arrivent à roquer,
l'attaque Blanche risque de s'essouffler} (20. Bg5 Be5) 20... Bxe5 21. Rae1 O-O
$5 {Le ooo parait assez risqué} (21... O-O-O $6 22. Bf4 (22. Bxa6 bxa6 23.
Qxc6+) 22... Nd7 23. Bxe5 Nxe5 24. Qf5+) 22. Qf5 $1 {[%csl Re5][%cal Gf1f4,
Gf4h4]} Rae8 23. Bg5 Qd6 24. Bd3 $2 (24. Bxf6 $142 Bxf6 25. Bxf7+ $1 {La pointe
} Kxf7 26. Qh5+ {[%csl Re8]} Kg8 (26... g6 27. Qh7#) 27. Rxe8) 24... g6 $1 {
Gagne un tempo important sur la Q et les Noirs vont avoir le temps de ramener
le Bg7 en défense} 25. Qh3 Nd5 $40 {[%cal Ge5g7,Gd5e3] les Blancs n'ont plus
assez de compensations} 26. Re4 Bg7 27. Rh4 Qe6 28. Bf5 {Une dernière
tentative} gxf5 $19 29. Bh6 Qg6 $1 {le P"f5" pare la menace Rg4} 30. Rxf5 Bxh6
31. Rg4 {Beaucoup de joueurs coté noir auraient paniqué face à la menace
d'enfilade mais le GMI va faire preuve de sang-froid en trouvant une jolie
parade.} Re1+ $1 32. Kf2 Rf1+ $1 {La pointe!} 33. Ke2 Re8+ 34. Kd3 Rf3+ 35.
Kxd4 Bg7+ 0-1